Events management / (Record no. 356700)
[ view plain ]
| 000 -LEADER | |
|---|---|
| fixed length control field | 00641nam a2200217Ia 4500 |
| 008 - FIXED-LENGTH DATA ELEMENTS--GENERAL INFORMATION | |
| fixed length control field | 180523s9999 xx 000 0 und d |
| 020 ## - INTERNATIONAL STANDARD BOOK NUMBER | |
| International Standard Book Number | 978-1-84593-682-2 |
| 050 ## - LIBRARY OF CONGRESS CALL NUMBER | |
| Classification number | MAIN GT 3405 |
| 050 ## - LIBRARY OF CONGRESS CALL NUMBER | |
| Item number | .E94 2010 |
| 245 #0 - TITLE STATEMENT | |
| Title | Events management / |
| 245 #0 - TITLE STATEMENT | |
| Statement of responsibility, etc | edited by Peter Robinson, Debra Wale, Geoff Dickson. |
| 260 ## - PUBLICATION, DISTRIBUTION, ETC. (IMPRINT) | |
| Place of publication, distribution, etc | Oxfordshire : |
| 260 ## - PUBLICATION, DISTRIBUTION, ETC. (IMPRINT) | |
| Name of publisher, distributor, etc | CAB International. |
| 300 ## - PHYSICAL DESCRIPTION | |
| Extent | 252 pages : |
| 300 ## - PHYSICAL DESCRIPTION | |
| Other physical details | illustrations ; |
| 300 ## - PHYSICAL DESCRIPTION | |
| Dimensions | 25 cm. |
| 440 ## - SERIES STATEMENT/ADDED ENTRY--TITLE | |
| Title | CABI Tourism Texts. |
| 500 ## - GENERAL NOTE | |
| General note | Includes bibliographical references and index. |
| 650 ## - SUBJECT ADDED ENTRY--TOPICAL TERM | |
| Topical term or geographic name as entry element | Special events -- Management. |
| 650 ## - SUBJECT ADDED ENTRY--TOPICAL TERM | |
| General subdivision | Special events -- Planning. |
| Withdrawn status | Lost status | Damaged status | Home library | Current library | Shelving location | Date acquired | Cost, normal purchase price | Total Checkouts | Full call number | Barcode | Date last seen | Price effective from | Koha item type |
|---|---|---|---|---|---|---|---|---|---|---|---|---|---|
| South Mansfield College | South Mansfield College | 02/14/2011 | 3.00 | MAIN GT 3405 .E94 2010 | SMC05293 | 05/23/2018 | 05/23/2018 |